00325nam a22000977a 4500003000400000082001900004100003100023245011900054260004600173300000800219SGT a891.4309bH17G aगीताश्री  aहसीनाबाद : एक गुमनाम बस्ती की बदनाम दास्तां  bवाणी प्रकाशन c2017 a234